000 00984cam a2200301 a 4500
001 000020117
003 DO-SdBNP
005 20220718124445.0
007 000020117
008 700702s2000 sp 000 f spa d
020 _a8481301191
040 _aBPMSU
_bspa
_cBPMSU
082 0 4 _a813.3
_bP743e 2000
_222
100 1 _aPoe, Edgar Allan,
_d1809-1849
240 1 4 _l
245 1 4 _aLos extraordinarios casos de Monsieur Dupin /
_cEdgar Allan Poe ; traducción de Domingo Santos ; prólogo Gonzalo Suárez
260 _aMadrid :
_bMillenium,
_c1999.
300 _a124 p. ;
_c19 cm.
490 0 _aLas 100 joyas del milenio,
_v19
534 _aTítulo original:
_tThe murders in the rue morgue
_c
590 _6Inventariado, 2022/VM
650 4 _aCuentos estadounidenses
650 4 _aLiteratura estadounidense
700 1 _aSantos, Domingo
_etraductor
700 1 _aSuárez, Gonzalo
_eprólogo
910 _aVMateo V./ Validado. Control de calidad MFF
942 _2ddc
_cBK
999 _c7515
_d7515